Normal view
MARC view
Entry Topical Term
001 - CONTROL NUMBER
- control field: 3858
003 - CONTROL NUMBER IDENTIFIER
- control field: OSt
005 - DATE AND TIME OF LATEST TRANSACTION
- control field: 20110510132228.0
008 - FIXED-LENGTH DATA ELEMENTS
- fixed length control field: 110510|||a|||||| | ||| d
040 ## - CATALOGING SOURCE
- Original cataloging agency: OSt
- Transcribing agency: OSt
150 ## - HEADING--TOPICAL TERM
- Topical term or geographic name as entry element: Droit
- Geographic subdivision: Écosse (GB)
- General subdivision: Périodiques.
670 ## - SOURCE DATA FOUND
- Source citation: Work cat.: (OSt)1727: The Law reports Scotch and divorce appeal cases 1866 - 75 Vol. 1 - 2, 1973
